[Event "Altensteig-A"]
[Site "Altensteig"]
[Date "1993.??.??"]
[Round "2"]
[White "Jussupow, Artur"]
[Black "Almasi, Zoltan"]
[Result "0-1"]
[WhiteElo "2630"]
[BlackElo "2580"]
[Annotator "Jussupow,A"]
[PlyCount "78"]
[EventDate "1993.07.07"]
[EventType "tourn"]
[EventRounds "11"]
[EventCountry "GER"]
[EventCategory "12"]
[SourceTitle "CBM 037"]
[Source "ChessBase"]
[SourceDate "1993.12.01"]
[SourceVersion "1"]
[SourceVersionDate "1993.12.01"]
[SourceQuality "1"]

1. d4 Nf6 2. c4 e6 3. Nc3 Bb4 4. e3 O-O 5. Nf3 d5 6. a3 Bxc3+ 7. bxc3 c5 8. Bb2
(8. cxd5 exd5 9. Be2 {-E51/3}) 8... Nc6 (8... dxc4) (8... b6) 9. Bd3 (9. Rc1 {
-E51/2}) 9... Qc7 (9... dxc4 10. Bxc4 Qc7 11. Be2 $14) 10. cxd5 exd5 11. O-O c4
(11... Bg4 12. Qe1 {-ECO E58/4/23} Bxf3 13. gxf3 Qd7 14. Kh1 Qh3 15. Qd1 cxd4
16. cxd4 Qh4 17. Qe2 $14 {Karpman - Magerramov, Podolsk 1989}) 12. Bc2 Bg4 (
12... Re8 13. Nh4 Ng4 14. g3 Ne7 15. Bc1 Ng6 16. Ng2 f5 $10 {ECO Bronstein -
Szabo, Amsterdam ct 1956}) 13. Qe1 Bh5 {/\Bg6} (13... Bxf3 14. gxf3 Qd7 15. Kh1
(15. Kg2 $14) 15... Qh3 16. Qe2 (16. Qd1 $5) 16... Rae8 17. Rg1 Nh5 $13) 14.
Nh4 $1 Ng4 15. g3 Bg6 $6 (15... Rfe8 $142 $14) 16. Nxg6 hxg6 17. f3 $16 Nf6 18.
Qf2 {/\Rae1, e4} (18. e4 dxe4 19. fxe4 Rfe8 $132) 18... Rfe8 19. Rae1 Re7 20.
g4 $5 (20. e4 $142 $1 dxe4 21. fxe4 Rae8 22. Qg2 Qb6 {/\Ne5} 23. Ba1 $1 $16)
20... Rae8 21. Bc1 {/\g5, e4} b5 22. Bd2 (22. g5 $142 Nh5 23. e4 Nf4 24. Qg3
Nd3 25. Qxc7 Rxc7 26. Bxd3 cxd3 27. exd5 Rxe1 28. Rxe1 Na5 $16) 22... a5 23. g5
Nh5 24. e4 b4 $1 (24... Nf4 $2 25. Qg3 Nd3 26. Qxc7 Rxc7 27. Bxd3 cxd3 28. exd5
$18) 25. axb4 axb4 26. cxb4 Qb6 $132 27. Ba4 $5 Ra8 28. Bxc6 Qxc6 29. exd5 Qd7
30. Rxe7 Qxe7 31. Qe3 Qd7 $1 $44 32. Re1 Kh7 33. Qc3 Qh3 {/\Ra2,Nf4} 34. Re2 $1
Ra2 35. Rf2 Qh4 $1 {/\Nf4} 36. Qxc4 $4 (36. Qe3 Ra1+ 37. Rf1 Rxf1+ 38. Kxf1
Qxh2 $44) (36. Rg2 Qh3 37. Rf2 $10) 36... Rxd2 37. Rxd2 Qe1+ $19 38. Qf1 Qxd2
39. Qf2 Qxg5+ 0-1

[Event "Munich SKA"]
[Site "Munich"]
[Date "1993.??.??"]
[Round "7"]
[White "Jussupow, Artur"]
[Black "Hjartarson, Johann"]
[Result "1-0"]
[WhiteElo "2645"]
[BlackElo "2625"]
[Annotator "Jussupow,A"]
[PlyCount "55"]
[EventDate "1993.05.??"]
[EventType "tourn"]
[EventRounds "11"]
[EventCountry "GER"]
[EventCategory "16"]
[SourceTitle "CBM 036"]
[Source "ChessBase"]
[SourceDate "1993.10.01"]
[SourceVersion "1"]
[SourceVersionDate "1993.10.01"]
[SourceQuality "1"]

1. d4 Nf6 2. c4 e6 3. Nc3 Bb4 4. e3 O-O 5. Bd3 d5 6. Nf3 c5 7. O-O Nc6 8. a3
Bxc3 9. bxc3 Qc7 10. cxd5 exd5 11. a4 Re8 (11... b6 12. Ba3 Na5 13. Ne5 Re8 (
13... Bb7 14. Rc1 Rfe8 15. f3 Nc6 16. f4 Na5 {Pomar-Keller/Adelboden/1969}) 14.
f3 Bb7 15. Ra2 Rad8 $10 {Borisenko-Vasilchuk/USSR/1956}) (11... c4 12. Bc2 Bg4
13. Qe1 Bxf3 14. gxf3 Qd7 15. Qe2 (15. Kg2 $5) 15... Rfe8 16. Kh1 Qh3 17. Rg1
Nh5 $13 {Azmaiparashvili-Vaganian/Manila ol/1992}) 12. Ba3 c4 13. Bc2 Bg4 (
13... Ne4 14. Qe1 Qd8 $1 {><h4} (14... Re6 $2 15. Nh4 Qd8 16. f3 Nd2 (16...
Nxc3 $2 17. Nf5 g6 18. Ng3 Qa5 19. Bb2 $18 {ECO}) 17. Qxd2 Qxh4 18. e4 Rh6 19.
g3 $16 {Unzicker-Keller/Zürich/1975}) (14... f5 $5 {Unzicker}) 15. Bxe4 Rxe4
16. Nd2 Re8 17. f3 Qa5 18. Bb2 b5 19. axb5 Qxb5 $10 {Bannik-Averbah/USSR ch/
1958}) 14. Qe1 Bh5 (14... Bxf3 15. gxf3 Qd7 16. Kg2 $14 {Garcia,G-Troianescu/
Leipzig ol/1960}) 15. Nh4 Re6 $6 (15... Ng4 16. g3 $14 {Geller-Matanovic/Bled
1961/}) 16. f3 $1 Rae8 17. e4 $1 dxe4 18. fxe4 Ng4 $1 (18... Nxe4 $2 19. d5
Qb6+ 20. Kh1 Rf6 21. Bxe4 Rxf1+ 22. Qxf1 Rxe4 23. dxc6 Rxh4 24. Qe1 g5 25. Qe5
$18) (18... Rxe4 $6 19. Bxe4 Rxe4 20. Qg3 $18) 19. g3 (19. Nf3 Bg6 $1 20. d5
Nce5 21. dxe6 Nxf3+ 22. Rxf3 Qxh2+ 23. Kf1 Qh1+ 24. Ke2 Qxg2+ $44) (19. e5 $2
Ncxe5 20. dxe5 Rxe5 21. Qg3 Qb6+ 22. Kh1 Re2 $17 {/\Nf2}) 19... Nf6 20. Rb1 $5
(20. e5 Nxe5 21. dxe5 Rxe5 $44) 20... Nxe4 21. d5 Re5 22. dxc6 Ng5 (22... Qxc6
$2 23. Bxe4 Rxe4 24. Qf2 $18) 23. cxb7 $1 (23. Qd2 Qxc6 $1 24. Qg2 Qxg2+ $1 25.
Nxg2 (25. Kxg2 Re2+ 26. Rf2 Rxf2+ 27. Kxf2 Re2+ $17) 25... Nf3+ 26. Rxf3 (26.
Kh1 Nd2 $17) 26... Bxf3 27. Rf1 $17) 23... Re2 $2 (23... Rxe1 $142 24. Rfxe1
$44 Rb8 $8 25. Re7 (25. Nf5 $6 Nf3+ (25... Kh8 $13) 26. Kf2 Nxe1 27. Bd6 Qd7
28. Be4 Bf3 29. Bxf3 Nxf3 30. Bxb8 Qd2+ 31. Kxf3 Qd3+ $17) (25. Rb5 $6 Nf3+ 26.
Nxf3 Bxf3 27. Be4 (27. Re7 Qd8 $17) 27... Bxe4 28. Rxe4 h6 $15) (25. Bf5 Ne6
26. Be4 Nc5 27. Bd5 $36) 25... Qc6 26. Bf5 $36) (23... Nh3+ $2 24. Kg2 {><h3})
24. Bf5 $16 {/\Bc8} (24. Qxe2 $2 Bxe2 25. Rfe1 Qc6 {/\Nh3}) 24... g6 (24...
Nf3+ $142 25. Nxf3 Bxf3 26. Qxe2 Bxe2 27. Bc8 Bxf1 (27... Rxc8 28. Bd6 $18) 28.
b8=Q (28. Kxf1 Qe5 29. b8=Q Qe2+ $10) 28... Qxb8 29. Rxb8 Bh3 30. Bxh3 Rxb8 31.
Bb4 $16 {><c4}) 25. Qc1 $1 $18 h6 26. Qf4 Qc6 27. Qd6 (27. b8=Q gxf5 28. Qxf5
$18) 27... Nf3+ 28. Rxf3 {Yusupov} (28. Nxf3 $2 Bxf3) 1-0

[Event "Munich SKA"]
[Site "Munich"]
[Date "1994.05.23"]
[Round "3"]
[White "Jussupow, Artur"]
[Black "Lobron, Eric"]
[Result "1-0"]
[WhiteElo "2655"]
[BlackElo "2570"]
[Annotator "Jussupow,A"]
[PlyCount "114"]
[EventDate "1994.05.21"]
[EventType "tourn"]
[EventRounds "11"]
[EventCountry "GER"]
[EventCategory "16"]
[SourceTitle "CBM 042"]
[Source "ChessBase"]
[SourceDate "1994.10.01"]
[SourceVersion "1"]
[SourceVersionDate "1994.10.01"]
[SourceQuality "1"]

1. d4 Nf6 2. c4 e6 3. Nc3 Bb4 4. e3 O-O 5. Bd3 d5 6. Nf3 c5 7. O-O Nc6 8. a3
Bxc3 9. bxc3 Qc7 10. cxd5 exd5 11. a4 Re8 12. Ba3 c4 13. Bc2 Bg4 14. Qe1 Bh5 (
14... Bxf3 15. gxf3 Qd7 $14) 15. Nh4 Ng4 (15... Re6 16. f3 $1 {/\e4 /
Yusupov-Hjartarson/Munich/1993/}) 16. g3 Bg6 17. Nxg6 (17. Bd1 {Kortschnoj,
V-Illescas Cordoba,M/Buenos Aires/1993/}) 17... hxg6 18. Qd2 $1 $146 (18. Qe2
Qd7 19. h3 Nf6 $10 {Geller-Matanovic/Bled/1961/}) 18... f5 $6 (18... Re6 19.
Rae1 Rae8 20. e4 $1 $16) (18... Na5 19. Rae1 Nb3 20. Qd1 $16) 19. Rae1 Nf6 20.
f3 $16 {/\g4} Qd7 (20... Re6 21. g4 fxg4 22. e4 $1 $40) 21. g4 $1 fxg4 22. Bxg6
Ne7 $5 (22... gxf3 23. Rxf3 Qg4+ 24. Rg3 Ne4 25. Rxg4 Nxd2 26. Re2 $18) 23.
Bxe8 Rxe8 24. Bxe7 Rxe7 25. Qg2 $16 Qe8 $5 (25... gxf3 26. Rxf3 Ne4 27. Ref1
$18) 26. fxg4 Re4 $5 (26... Rxe3 27. Rxe3 Qxe3+ 28. Kh1 $18 {/\g5}) 27. h3 Rxe3
28. Qf2 Re4 29. Rxe4 Nxe4 30. Qf3 b6 31. h4 a6 32. g5 {/\h5} (32. h5) (32. Qf5
Nxc3 33. g5 g6) 32... g6 33. Kg2 b5 34. axb5 axb5 35. Ra1 $5 Qb8 36. Ra6 (36.
Qg4 Kg7 (36... b4 37. h5 (37. cxb4 c3 38. b5) 37... bxc3 38. Rf1 Qe8) 37. h5
gxh5) 36... Kg7 37. h5 (37. Re6 $142 $5 Qa8 (37... Qa7 38. Rxe4 dxe4 39. Qxe4 (
39. Qf6+ Kh7 40. Qf8 $16) 39... b4 40. cxb4 c3 $16) (37... b4 38. h5 $1 bxc3
39. Rxe4 $1 (39. h6+ Kg8 (39... Kh8 40. Rxe4 $18) 40. Rxg6+ Kh8 41. h7 Qb2+ 42.
Kh3 Qf2) 39... dxe4 40. Qf6+ Kg8 41. Qxg6+ Kf8 42. Qf6+ Kg8 43. h6 Qb7 (43...
Qf8 44. h7+ $18) (43... Qb2+ 44. Kh3 $18) 44. g6 e3+ 45. Kh2 Qc7+ 46. Kh3 Qd7+
47. Kh4 $18) 38. Re7+ Kh8 39. Rxe4 (39. Qf7 $2 Qa2+ 40. Kh3 Nf2+ $10) 39...
dxe4 40. Qf6+ Kh7 41. Qf7+ (41. Qe7+ Kg8 42. Kf2 Qa2+ 43. Ke3 Qc2 44. Qe6+)
41... Kh8 42. Qxg6 (42. Kf2 b4 43. Qxc4 Qf8+) 42... e3+ 43. Kg3 $16) 37... gxh5
38. g6 Kh6 $5 (38... Qf8 $2 39. Ra7+ Kg8 40. Ra8 $1 $18) (38... Qc7 $5 39. Re6
{/\Re5} (39. Ra8) 39... b4 (39... Qa7 40. Qxh5 Qa2+ 41. Kh3 Nf2+ 42. Kh4 $18))
39. Re6 Ng5 (39... Qd8 $5 40. Re5 $140 Nf6) 40. Qe3 Qc8 $1 41. Rf6 $3 (41. g7+
Kh7) 41... Qg4+ 42. Kf2 (42. Kf1) 42... Qh4+ 43. Kf1 Qh1+ (43... Qh3+ 44. Qxh3
Nxh3 45. Rf5 $18) 44. Kf2 (44. Ke2 $2 Qe4 $132) 44... Qh4+ 45. Kg1 Qg4+ 46. Kf1
Qd1+ 47. Kf2 $1 Qc2+ 48. Kg1 $1 (48. Kg3 $2 Qxc3) 48... Qd1+ 49. Kh2 Qc2+ 50.
Rf2 Qxg6 (50... Qe4 51. Qxg5+ $3 Kxg5 52. g7 $18) 51. Qe5 $1 Nh7 (51... Ne4 52.
Rf8 Qg7 53. Rh8+ Kg6 54. Qxh5+ Kf6 55. Rh6+ $18) 52. Rf5 $22 $18 b4 (52... h4
$5 53. Qf4+ (53. Qe3+ Kg7 (53... Ng5 54. Qf4 $18 Kh5 55. Qf3+ Kh6 56. Qg4) 54.
Qe7+ Kg8 55. Rf3 $1 Qc2+ 56. Kh3 Qg6 57. Kxh4 (57. Qd8+ Kg7 58. Qc7+ Kh6 59.
Qf4+ Ng5+ (59... Kg7 60. Qe5+ Kh6 61. Kxh4 $18)) 57... Qh6+ 58. Kg4 Qg6+) 53...
Kg7 54. Rxd5 Qc2+ 55. Kh3 Qxc3+ 56. Kxh4 Qe1+ 57. Qg3+ Qxg3+ 58. Kxg3 $18 b4
59. Rc5 c3 60. Rc4 $18) 53. cxb4 c3 54. Qf4+ Kg7 55. Qe5+ Kh6 56. Qf4+ Kg7 57.
Rxd5 Nf6 (57... Nf6 58. Rg5) 1-0

[Event "Munich SKA"]
[Site "Munich"]
[Date "1992.??.??"]
[Round "11"]
[White "Jussupow, Artur"]
[Black "Lobron, Eric"]
[Result "1/2-1/2"]
[WhiteElo "2655"]
[BlackElo "2575"]
[Annotator "Jussupow,A"]
[PlyCount "115"]
[EventDate "1992.05.??"]
[EventType "tourn"]
[EventRounds "11"]
[EventCountry "GER"]
[EventCategory "14"]
[SourceTitle "CBM 030"]
[Source "ChessBase"]
[SourceDate "1992.10.01"]
[SourceVersion "1"]
[SourceVersionDate "1992.10.01"]
[SourceQuality "1"]

1. d4 Nf6 2. c4 e6 3. Nc3 Bb4 4. e3 O-O 5. Bd3 d5 6. Nf3 c5 7. O-O Nc6 8. a3
Bxc3 9. bxc3 b6 10. cxd5 exd5 11. Ne5 Bb7 $5 (11... Qc7 12. Nxc6 Qxc6 13. f3
$14) 12. Bb2 $5 (12. f4 $6 Ne4 $132) (12. Nxc6 Bxc6 13. f3 (13. dxc5 $5 bxc5
14. Qc2 {/\c4 Taimanov}) (13. a4 Qd7 14. Qc2 Ne4 $2 (14... Rfe8 $13) 15. f3 Nf6
16. Bf5 $16 {Najdorf-Sliwa, Leipzig (ol) 1960}) 13... Re8 (13... Qd7 $5 {/\Rac8
}) 14. Ra2 Qd7 15. Rb2 Rac8 16. Qe1 $14 {Taimanov}) 12... c4 (12... Re8 13.
Nxc6 Bxc6 14. c4 $14) (12... Nxe5 13. dxe5 Nd7 14. f4 c4 15. Bc2 Nc5 16. a4 $14
) 13. Nxc6 (13. Bc2 Nxe5 14. dxe5 Ne4 $13) 13... Bxc6 14. Bc2 Re8 15. a4 a5 (
15... Qd7) 16. Qe2 Qe7 (16... Ra7 $5 17. Rae1 $14) 17. Rfe1 (17. Rae1 b5 18.
axb5 Bxb5 19. Ra1 $13) 17... g6 18. f3 $14 (18. Ba3 Qd7 {><a4}) 18... Nh5 $5
19. e4 (19. g4 Nf4 20. Qf1 Nd3 21. Bxd3 cxd3 22. Qxd3 h5 $146) 19... dxe4 $5 (
19... f5 20. e5 $16 {><b6}) (19... Nf4 $2 20. Qd2 Qg5 $2 21. Bc1 Nh3+ 22. Kf1
$18) 20. fxe4 Nf6 $1 (20... Nf4 21. Qf1 $16) 21. e5 Qe6 22. Bc1 (22. Rf1 Nd5
$13) 22... Nd7 23. Bh6 (23. Bf4 f6 24. Qd2 fxe5 25. Bxe5 $14) 23... f6 24. Rad1
fxe5 25. Qd2 Qd5 (25... Bb7 26. d5 (26. Qg5 $44) 26... Qd6 27. Qg5 $44) 26. Be4
Qd6 27. dxe5 $1 (27. d5 $6 Bxa4 28. Ra1 Nc5) 27... Qxd2 28. Rxd2 Nxe5 (28...
Bxe4 29. Rxd7 Rxe5 30. Rg7+ Kh8 31. Rc7 $16) 29. Rde2 Kf7 $5 (29... Rec8 30.
Bxc6 Nxc6 31. Re4 $16) 30. Rf1+ Kg8 31. Bxc6 Nxc6 32. Ref2 Ne5 33. h3 Rab8 34.
Rf6 Rec8 35. Kh2 Re8 36. Kg1 Rec8 37. Kh1 Re8 38. Kh2 Rec8 39. Kg1 Re8 40. Kh2
Rec8 41. R6f4 Re8 42. h4 {/\Kh3,g4,h5} Rec8 43. Kh3 Re8 44. Rf6 (44. R4f2 $5)
44... Red8 45. g3 Re8 46. g4 b5 $1 47. axb5 a4 48. b6 a3 49. Ra1 Nd7 (49...
Rbd8 $6 50. b7 Rd3+ $140 51. Kg2 Nxg4 52. Rf8+ Rxf8 53. Bxf8 Rd2+ 54. Kg3 $18)
50. Rd6 Re7 $2 (50... Nxb6 51. Rxa3 Red8 $14) 51. Rxa3 Rxb6 52. Ra8+ Kf7 53.
Rxb6 $2 $10 (53. Rd4 $142 $16) 53... Nxb6 54. Rh8 Ke6 55. h5 gxh5 56. gxh5 Nd5
57. Rc8 Nxc3 58. Rxc4 1/2-1/2

[Event "Rostock-10 GM Group"]
[Site "Rostock"]
[Date "1984.08.18"]
[Round "8"]
[White "Knaak, Rainer"]
[Black "Tischbierek, Raj"]
[Result "0-1"]
[WhiteElo "2490"]
[BlackElo "2450"]
[Annotator "Knaak,R"]
[PlyCount "66"]
[EventDate "1984.08.11"]
[EventType "tourn"]
[EventRounds "9"]
[EventCountry "DDR"]
[EventCategory "8"]
[SourceTitle "MCL"]
[Source "ChessBase"]
[SourceDate "1999.07.01"]
[SourceVersion "1"]
[SourceVersionDate "1999.07.01"]
[SourceQuality "1"]

1. d4 Nf6 2. c4 e6 3. Nc3 Bb4 4. e3 O-O 5. Bd3 d5 6. Nf3 c5 7. O-O Nc6 8. a3
Bxc3 9. bxc3 Qc7 10. cxd5 exd5 11. Nh4 Qa5 $5 (11... Ne7 12. g3 Bh3 13. Re1 c4)
12. Bd2 $5 (12. Bb2 $5 Re8 13. Qe1 $1 Qd8 14. Rd1) 12... c4 13. Bb1 (13. Bc2)
13... Ne4 14. Be1 Qd8 (14... f5 15. f3 Nd6 16. g3 (16. Bg3 Qd8 {g7--g5}) 16...
Bd7 $10) 15. g3 Bh3 16. Ng2 f5 17. f3 Bxg2 18. Kxg2 Nd6 19. Bd2 b5 20. Kh1 a5
21. Bc2 Kh8 22. Rg1 Qf6 23. Qf1 Rab8 24. Qh3 b4 25. axb4 axb4 26. Ra6 bxc3 27.
Bxc3 Nb4 28. Bxb4 Rxb4 29. g4 Rb2 30. Bxf5 g6 31. Ra7 Nf7 32. f4 gxf5 33. g5
Qe6 0-1

[Event "EU-ch 12th"]
[Site "Aix les Bains"]
[Date "2011.03.25"]
[Round "4"]
[White "Sokolov, Ivan"]
[Black "Poetsch, Hagen"]
[Result "1/2-1/2"]
[WhiteElo "2643"]
[BlackElo "2415"]
[Annotator "Marin,M"]
[PlyCount "69"]
[EventDate "2011.03.22"]
[EventType "swiss"]
[EventRounds "11"]
[EventCountry "FRA"]
[SourceTitle "CBM 142 Extra"]
[Source "ChessBase"]
[SourceDate "2011.06.27"]
[SourceVersion "1"]
[SourceVersionDate "2011.06.27"]
[SourceQuality "1"]

1. d4 Nf6 2. c4 e6 3. Nc3 Bb4 4. e3 c5 5. Bd3 O-O 6. Nf3 d5 7. O-O Nc6 8. a3
Bxc3 9. bxc3 Re8 $5 {A rather unusual move. The main lines involve an early
development of the queen to c7, but sometimes it later appears that this
square is not optimal. From d8, the queen could go either way, to b6, a5 or h4,
while on c7 it already has restricted its possibilities.} ({Besides, in a main
line such as} 9... Qc7 10. cxd5 exd5 11. a4 {Black has to move his rook to e8
anyway:} Re8 12. Ba3 c4 13. Bc2 {with lots of theory after both} Ne4 {and 13...
Bg4.}) 10. Bb2 {Possibly, the most consistent move. The bishop displays huge
hidden force and Black has to care about a possible opening of the centre with
cxd5 followed by c4.} (10. cxd5 {prematurely opens the e-file (justifying
Black's last move), the c8-h3 diagonal, giving up the control of the c4-square
at the same time.} exd5 11. Nd2 (11. a4 {, which is a normal reaction in the
positions with ...Qc7 instead of ...Re8, makes less sense now. Here is one
possible line in which Black simply is a tempo up!} c4 12. Bc2 Bg4 13. Qe1 Bxf3
14. gxf3 Qd7) 11... Bg4 (11... c4 $5 12. Bc2 Bg4 13. f3 Bh5 {looks very
comfortable for Black.}) 12. f3 Bh5 13. Re1 Bg6 (13... c4 14. Bc2 Ne4 $5 {
is worth a try.}) 14. Bxg6 hxg6 15. Nb3 ({He should at least have grabbed the
pawn, although this would have offerred Black excellent play on the light
squares:} 15. dxc5 Ne5 16. Nb3 Rc8 17. a4 g5 18. h3 Qd7 $44) 15... cxd4 ({
A more ambitious continuation would have beeen} 15... c4 16. Nd2 b5 17. e4 a5
$132 {Having gained two whole tempi, Black is well prepared to counter the
central storm with a queenside attack.}) 16. cxd4 Na5 17. Nxa5 Qxa5 {Delaying
the queen development has been entirely justified: Her Majesty reached a5
without loss of time!} 18. Bd2 Qa6 19. Qb3 Rac8 $11 {Trangmar,A-McFarland,R/
Brighton 1972/EXT 99 (1/2, 22)}) (10. Ne5 {is a normal reaction to Black's
refraining from taking the e5-square under control.} Nxe5 11. dxe5 Nd7 12. f4
dxc4 13. Bxc4 Nb6 14. Bb3 Bd7 15. a4 Bc6 16. a5 Nd5 17. Qe1 Ne7 18. Qe2 Be4 19.
Rd1 Qc7 {Black has a stable position and there is no white kingside attack in
view. White did not find anything better than offer a repetition of moves:} 20.
Ra4 Bc6 21. Ra1 {In Borisenko,G-Kortschnoj,V/Gyula 1965/EXT 99 (0-1, 53),
Black rejected this indirect draw offer, got into a worse position, but
eventually won.}) (10. Qc2 {does not look like the best way of maintaining the
tension, because it places the queen on an exposed square, blocking the
bishop's retreat at the same time. There is not too much practical material
available and I only have selected two games of Eric Lobron, a great
specialist and lover of the Nimzo-Indian.} Na5 ({Deviating from an older game
of his:} 10... b6 11. Ne5 Bb7 12. Nxc6 Bxc6 13. f3 Rc8 14. Qe2 Ba4 15. Bd2 Qd7
{with a splendid display of pieces on light squares, Verdier,P (2250)-Lobron,E
(2580)/Cap d'Agde 1994/EXT 97 (0-1, 41)}) 11. Ne5 ({One drawback of the queen
move is revealed after} 11. cxd5 c4 $1 12. Be2 exd5 $15 {[%cal Gc8g4,Ga5b3,
Gf6e4]}) 11... b6 (11... Nxc4 12. Nxc4 dxc4 13. Bxc4 Bd7 $11 {[%cal Ga8c8]})
12. Rd1 Qc7 13. f3 (13. cxd5 c4 $1 14. Be2 exd5 15. f3 Bb7 $11 {[%cal Ge8e6,
Ga8e8,Ga5b3] White has problems carrying out e3-e4, his knight stands somewhat
in the way and the b3-square is under strict black control. Black has entirely
adequate play.}) 13... Ba6 14. cxd5 Bxd3 15. Qxd3 exd5 16. Rb1 Re6 17. Bd2 Rae8
{Little by litle, the central knight starts looking more like a source of
troubles.} 18. Be1 Nc6 19. Bg3 Nh5 20. Nxc6 Qxc6 21. Bf2 c4 22. Qf5 g6 23. Qc2
f5 $15 {Johansson,V (2177)-Lobron,E (2497)/Stockholm 2003/CBM 097 ext (0-1, 33)
. The central break has been prevented and Black enjoys a stable space
advantage on both wings.}) 10... dxc4 $146 {I have my doubts about this move,
especially in connection with the next one. I believe that, once the rook has
been developed to e8, Black should find a way of provoking cxd5, ...exd5.} (
10... Qd6 $6 {does not look too good either, because the queen is exposed here.
} 11. a4 b6 12. cxd5 exd5 13. c4 cxd4 14. cxd5 Qxd5 15. Nxd4 Ne5 16. Bb5 Bb7
17. f3 $14 {Iljin,A (2572)-Kozlov,G (2265)/Dagomys 2009/CBM 129 Extra (1/2, 49)
}) (10... Na5 $5 {looks consequent.} 11. Ne5 (11. cxd5 c4 12. Bc2 exd5 $13 {
Activating the b2-bishop with a4 and Ba3 supposes the loss of a tempo 
(equivalent to the generally useful ...Na5, controlling the b3-square), which
offers Black better chances for equality than in the main lines with ...Qc7.})
11... b6 $6 {Too careless.} (11... dxc4 12. Nxc4 Nxc4 13. Bxc4 Bd7 $132 {
[%cal Ga8c8]}) 12. cxd5 $1 {White's bishops open up with great force now.} Qxd5
(12... exd5 13. Bb5 Re7 14. c4 $36) 13. c4 Qd6 14. dxc5 Qxc5 15. Bd4 Qe7 16.
Rc1 Nd7 17. Qh5 $40 {Chow,A (2198)-Kuderinov,K (2422)/Chicago 2008/CBM 125
Extra (1-0, 50)}) (10... Qc7 {would transpose to the not too popular line 9...
Qc7 10.Bb2 Re8!?, but certainly would be preferrable to the text move.}) 11.
Bxc4 e5 $6 {Asking for trouble.} (11... Bd7 $5) 12. h3 $6 {Too slow and
missing a good opportunity for an enduring initiative.} (12. Ng5 {is not too
dangerous.} Rf8 13. dxc5 Bf5 $44) (12. Nxe5 $1 Nxe5 13. dxe5 Qxd1 14. Raxd1
Rxe5 15. Rd8+ Re8 16. Rfd1 $1 (16. Rxe8+ Nxe8 17. Rd1 Kf8 18. f3 Ke7 19. a4 Be6
$11) 16... Be6 (16... Kf8 17. Bb5 $1 Rxd8 18. Rxd8+ Ke7 19. Rh8 $16) 17. Rxa8
Rxa8 18. Bxe6 fxe6 19. c4 $1 Kf7 20. Bxf6 $1 (20. f3 Ke7 {[%csl Gd7]}) 20...
Kxf6 21. Rd7 Rb8 22. g4 (22. a4 b5 $1 23. axb5 a6 $11) 22... a6 23. Rc7 b6 24.
Kg2 $16 {Black's position is quite passive. White intends making slow kingside
progress, which eventually may suffocate Black.}) (12. dxe5 $1 {is likely to
lead to the same ending, too.}) 12... Qb6 {Developing the queen on a more
active square than c7.} ({Maybe} 12... Be6 $11 {would have been even more
precise, immediately taking advantage of the rook's presence on e8.}) 13. Qc2
Be6 $11 14. Bxe6 Rxe6 {In the absence of his colleague, the b2-bishop is by
far less impressive.} 15. Ng5 Rd6 16. dxe5 Nxe5 17. c4 Re8 18. Rab1 Qc6 {
Black has a very active piece display and the c4-pawn is vulnerable. For White,
it is quite difficult setting up an attack based on his kingside majority.} 19.
Qf5 g6 20. Qc2 h6 21. f4 {Ambitious, but strategically risky.} (21. Bxe5 Rxe5
22. Nf3 Re7 $11) 21... Ned7 22. Qf2 (22. Nf3 Rxe3 23. f5 g5 $15) 22... hxg5 (
22... Nb6 $5 {[%csl Gc4]}) 23. fxg5 Qe4 24. Bxf6 Nxf6 25. gxf6 b6 {White has
an extra pawn, but his whole structure is weak. Besides, his attacking chances
are not too realistic. With a minimum of care, Black can prevent Qh4-h6-g7#.}
26. Kh1 Ree6 {Black plays solidly, aiming to eliminate the main danger.} ({
A more ambitious try would have been} 26... Rd3 $5 {[%cal Gd3e3,Ge3h3,Ge3e2]})
27. Rbd1 Rxf6 $15 (27... Qxc4 $5) 28. Qxf6 Rxf6 29. Rxf6 Qxc4 30. Rd7 a5 31.
Rxb6 Qc1+ 32. Kh2 Qxe3 33. Rb8+ Kg7 34. Rbb7 Qe5+ 35. Kg1 1/2-1/2